00642nam a2200169 4500001000700000003000900007005001700016007000300033008004100036245007000077260006900147300002200216710006100238852003200299999001900331952012200350117258ES-MaACL20230906190848.0t|070301s1966 sp r ||||1| spa d00aPastoral y finanzas / cpor un equipo de la Diócesis de Nantes. aBarcelona : bInstituto Católico de Estudios Sociales, c1966. a101 p. ; c22 cm.2 aInstitut Catòlic d'Estudis Socials de Barcelona.94738 aES-MaACLjC-31851 bR.62004 c117258d117258 00104070aATENEOMbATENEOMcDEPO2d2008-01-17eSCl0oC-31851p1122256r2023-02-23 00:00:00w2023-02-23yMONOGRAFIA